| 000 | 00928naa a22001811i 4500 | ||
|---|---|---|---|
| 003 | KOSZ 005 | ||
| 005 | 20180207090456.0 | ||
| 008 | 170613s2002 pol||||f |||| 10| 0 pol d | ||
| 040 | _cKOSZ 005/ac | ||
| 100 | 1 |
_aSŁOWIK, Adam. _d2005 - . _bPolitechnika Koszalińska - Wydział Elektroniki i Informatyki, _cKatedra Inżynierii Komputerowej |
|
| 245 | 1 | 0 |
_aZastosowanie algorytmów genetycznych do problemu komiwojażera w środowisku Delphi / _cAdam Słowik, Ireneusz Płocha. |
| 500 | _aDane z listy A.Słowik. | ||
| 650 | 4 | _aAlgorytmy genetyczne. | |
| 655 | 4 | _aMateriały konferencyjne. | |
| 773 | 0 |
_iW : _tXXIII Międzynarodowe Sympozjum Naukowe Studentów i Młodych Pracowników Nauki. - _dZielona Góra : Uniwersytet Zielonogórski, 2002. - _gs. 59-66. |
|
| 711 | 2 | 2 |
_aMiędzynarodowe Sympozjum Naukowe Studentów i Młodych Pracowników Nauki _n(23 ; _d2002.05 ; _cZielona Góra, Polska). |
| 942 |
_cROZ _2UKD |
||
| 999 |
_c8471 _d8471 |
||